¡Esto no puede ser! / (Registro nro. 12504)

Detalles MARC
000 -LIDER
fixed length control field 00964nam a2200325 b 4500
001 - NÚMERO DE CONTROL
Identificador de número de control
003 - IDENTIFICACDOR DE NÚMERO DE CONTROL
control field DO-SdBNP
005 - DATE AND TIME OF LATEST TRANSACTION
control field 20180219151805.0
008 - ELEMENTOS DE LONGITUD FIJA
fixed length control field 960827s1996 sp | ||| ||spa
016 7# - NO. DE CONTROL DE LA AGENCIA BIB. NACIONAL
Record control number
Source BPMSU
017 ## - NÚMERO DE REGISTRO DE DERECHOS DE AUTOR
Copyright or legal deposit number
Assigning agency
020 ## - ISBN
International Standard Book Number 8434851032
035 ## - NÚMERO LOCAL
System control number (OCoLC)
040 ## - FUENTE DE CATALOGACIÓN
Agencia que crea de manera original el registro BPMSU
Idioma de catalogación spa
Agencia que realiza la transcripción BPMSU
Convenciones de la despripción
041 1# - CÓDIGOS DE OBRAS TRADUCIDAS O EN VARIOS IDIOMAS
Código del idioma del texto/archivo de sonido o separata spa
Cód. del idioma original y/o traducciones intermedias del texto
080 #0 - NÚMERO DE CLASIFICACIÓN DECIMAL UNIVERSAL
Universal Decimal Classification number
100 1# - ASIENTO PRINCIPAL -- NOMBRE PERSONAL
Nombre personal Schär, Brigitte
240 14 - TITULO UNIFORME
Título uniforme Das geht doch nicht!
Idioma de una obra Español
245 10 - MENCIÓN DE TITULO
Título ¡Esto no puede ser! /
Mención de responsabilidad Brigitte Schär ; ilustracionesJacky Gleich ; traducción del alemán, Carmen Bas
Medio (Designación general de material)
260 ## - PUBLICACIÓN, DISTRIBUCIÓN, ETC. (PIE DE IMPRENTA)
Lugar de publicación, distribución, etc Madrid :
Nombre del editor, distribuidor, etc. SM,
Fecha de publicación, distribución, etc 1996
300 ## - DESCRIPCIÓN FÍSICA
Extensión 43 p.:
Otros detalles físicos il. ;
Dimensiones 23 cm
490 ## - MENCIÓN DE SERIES
Mención de serie El barco de vapor.
-- Serie Oro..
Volume/sequential designation 6
650 ## - ENCABEZAMIENTO DE MATERIA--TEMÁTICO
Término temático o nombre geográfico como elemento de entrada Gleich, Jacky
Mención de responsabilidad il
700 ## - ASIENTO SECUNDARIO -- NOMBRE PERSONAL
Nombre personal Bas, Carmen,
700 ## - ASIENTO SECUNDARIO -- NOMBRE PERSONAL
Nombre personal Gleich, Jacky,
Fechas asociadas con el nombre 1964
Mención de responsabilidad il.
830 ## - ASIENTO SECUNDARIO DE SERIE--TÍTULO UNIFORME
Título uniforme El barco de vapor.
-- Serie Oro.
Nombre de la parte o sección de una obra Blanca
Volume number/sequential designation 6
942 ## - ADDED ENTRY ELEMENTS (KOHA)
Source of classification or shelving scheme Dewey Decimal Classification
Koha item type Libros
945 ## - INFORMACIÓN DE PROCESAMIENTO LOCAL
Información de procesamiento local Inventariado, 2018 / BT
956 ## - LOCAL ELECTRONIC LOCATION AND ACCESS (OCLC)
Nombre de host VMATEO
Número de acceso 10
Información de compresión 20170117
Trayectoria BPMSU
Nombre Electrónico 0069
Existencias
Withdrawn status Lost status Source of classification or shelving scheme Damaged status Not for loan Collection code Home library Current library Date acquired Source of acquisition Total Checkouts Barcode Date last seen Price effective from Koha item type
    Dewey Decimal Classification     Colección Juvenil General Biblioteca Pública Metropolitana Salomé Ureña Biblioteca Pública Metropolitana Salomé Ureña 01/17/2017 COMPRA   BPMSU17010717 01/17/2017 01/17/2017 Libros